000 00726nam a2200229 a 4500
001 000054878
005 20200120222931.0
008 050413s2005 mx a gr 000 0 spa d
020 _a9681818989
041 0 _a*spa
082 _a677.028
_bHollen, Norma
_221
100 1 _aHollen, Norma
245 1 0 _aIntroducción a los textiles /
_cNorma Hollen, Jane Saddler, Anna L. Langford ; colaboración en la treducción María Cristina Sanginés Franchini.
250 _a2a. ed.
260 _aMéxico :
_bLimusa,
_c2005.
300 _bil.
500 _aEj.1 de Mosquera donado por la Biblioteca Nacional - PNLB 2012.
650 1 4 _aFibras textiles
650 2 4 _aTelas
700 1 _aSaddler, Jane
700 1 _aLangford, Anna L.
999 _c4449
_d4449